| 000 | 01129cab a2200445 4500 | ||
|---|---|---|---|
| 001 | ABS48393 | ||
| 008 | 090401t1993 xxu||||| |||| 00| 0 eng d | ||
| 035 | _a(Sirsi) u66473 | ||
| 041 | _aeng | ||
| 245 | _aEstates Times survey: East Midlands property | ||
| 260 | _c1993 | ||
| 300 | _aLOAN | ||
| 350 | _a0 | ||
| 490 |
_aEstates Times _v30 April 1993, 58 |
||
| 650 | _aAI/MI LINK | ||
| 650 | _aBURTON | ||
| 650 | _aBUSINESS PARKS | ||
| 650 | _aDAVENTRY | ||
| 650 | _aDERBY | ||
| 650 | _aDISTRIBUTION MARKET | ||
| 650 | _aDISTRIBUTION PARKS | ||
| 650 | _aEAST MIDLANDS PROPERTY MARKET DATABASE | ||
| 650 | _aEAST MIDLANDS | ||
| 650 | _aFREIGHT TERMINALS | ||
| 650 | _aGOLDEN TRIANGLE | ||
| 650 | _aLEICESTER | ||
| 650 | _aLINCOLN | ||
| 650 | _aM1 CORRIDOR | ||
| 650 | _aM42 CORRIDOR | ||
| 650 | _aM6 CORRIDOR | ||
| 650 | _aMOTORWAYS | ||
| 650 | _aNORTHAMPTON | ||
| 650 | _aNOTTINGHAM | ||
| 650 | _aOFFICE PARKS | ||
| 650 | _aRAIL FREIGHT TERMINALS | ||
| 650 | _aWAREHOUSING | ||
| 690 | _aPROPERTY-COMMERCIAL PROPERTY-COMMERCIAL PROPERTY MARKET | ||
| 942 | _n0 | ||
| 948 | _c04/03/1997 | ||
| 999 |
_c41530 _d41530 |
||